[Event "SRB Team Chmp 2008"]
[Site "Subotica"]
[Date "2008.09.04"]
[Round "4.1"]
[White "Cvetkovic, Srdjan"]
[Black "Djuric, Stefan"]
[Result "0-1"]
[WhiteElo "2374"]
[BlackElo "2462"]
[PlyCount "50"]
[EventDate "2008.09.01"]

1. Nf3 Nf6 2. c4 c5 3. d4 cxd4 4. Nxd4 e6 5. Nc3 Bb4 6. Bd2 O-O 7. a3 Be7 8.
Bg5 h6 9. Bh4 b6 10. e3 Bb7 11. Bd3 Na6 12. O-O Nc5 13. Bc2 d6 14. b4 Nce4 15.
Nxe4 Nxe4 16. Bxe7 Qxe7 17. Nb5 Rfd8 18. Qd4 e5 19. Qb2 Qh4 20. f4 a6 21. Nc3
Nf6 22. Nd5 Ng4 23. h3 Bxd5 24. hxg4 Bxc4 25. Rf2 Qxg4 0-1

[Event "SRB Team Chmp 2008"]
[Site "Subotica"]
[Date "2008.09.04"]
[Round "4.1"]
[White "Tosic, Miroslav"]
[Black "Zakic, Srdjan"]
[Result "1-0"]
[WhiteElo "2422"]
[BlackElo "2357"]
[PlyCount "88"]
[EventDate "2008.09.01"]

1. d4 Nf6 2. c4 g6 3. Nf3 Bg7 4. Nc3 O-O 5. e4 d6 6. Be2 Na6 7. Bf4 Nh5 8. Be3
e5 9. Qd2 f5 10. dxe5 dxe5 11. Qxd8 Rxd8 12. exf5 gxf5 13. Bg5 Re8 14. g3 Nf6
15. Rd1 h6 16. Bc1 c6 17. O-O Nc5 18. Rfe1 Nfe4 19. Nxe4 Nxe4 20. Nh4 Nf6 21.
Bf1 e4 22. Bh3 Ng4 23. Bxg4 fxg4 24. Rd6 h5 25. b3 a5 26. a4 b5 27. axb5 cxb5
28. cxb5 Be6 29. b6 Bxb3 30. Bf4 Be5 31. Bxe5 Rxe5 32. Rc1 Rb5 33. Rg6+ Kf8 34.
Rc7 Rb8 35. Rf6+ Kg8 36. Rg6+ Kf8 37. Rf6+ Kg8 38. Rg6+ Kf8 39. Rh6 R5xb6 40.
Ng6+ Rxg6 41. Rxg6 Bd1 42. Rgc6 Be2 43. Rc8+ Rxc8 44. Rxc8+ Kg7 1-0

[Event "SRB Team Chmp 2008"]
[Site "Subotica"]
[Date "2008.09.04"]
[Round "4.1"]
[White "Dudukovic, Nikola"]
[Black "Kosanovic, Goran A"]
[Result "1-0"]
[WhiteElo "2180"]
[BlackElo "2393"]
[PlyCount "53"]
[EventDate "2008.09.01"]

1. e4 c5 2. Nf3 d6 3. d4 cxd4 4. Nxd4 Nf6 5. Nc3 Bd7 6. f3 Nc6 7. Be3 g6 8. Qd2
Bg7 9. O-O-O O-O 10. g4 Ne5 11. h4 h5 12. gxh5 Nxh5 13. Rg1 Rc8 14. Bh6 Bxh6
15. Qxh6 Rxc3 16. bxc3 Qa5 17. Kb1 Ba4 18. Nf5 Bxc2+ 19. Kxc2 Qxa2+ 20. Kc1
Qa1+ 21. Kd2 Qb2+ 22. Ke3 Qxc3+ 23. Bd3 Re8 24. Qxh5 Nxd3 25. Rxg6+ fxg6 26.
Qxg6+ Kf8 27. Rxd3 1-0

[Event "SRB Team Chmp 2008"]
[Site "Subotica"]
[Date "2008.09.04"]
[Round "4.2"]
[White "Sedlak, Nikola"]
[Black "Cabrilo, Goran"]
[Result "1/2-1/2"]
[WhiteElo "2576"]
[BlackElo "2484"]
[PlyCount "128"]
[EventDate "2008.09.01"]

1. d4 d5 2. c4 e6 3. Nf3 Nf6 4. Nc3 Bb4 5. cxd5 exd5 6. Bg5 h6 7. Bxf6 Qxf6 8.
Qa4+ Nc6 9. e3 O-O 10. Be2 Be6 11. a3 Bd6 12. Nb5 Bg4 13. Rc1 a6 14. Nxd6 Qxd6
15. Qc2 Rfc8 16. Qc5 Qxc5 17. Rxc5 Ne7 18. h3 Bxf3 19. Bxf3 c6 20. O-O a5 21.
b3 Rd8 22. Bg4 g6 23. Rb1 Kg7 24. Rc2 Ra7 25. Be2 Re8 26. Bd3 Rd8 27. g4 Re8
28. Kg2 Raa8 29. Kg3 Red8 30. h4 Re8 31. f3 Red8 32. Rf2 Rd6 33. Rbf1 Rf8 34.
g5 hxg5 35. hxg5 Rh8 36. e4 Rh5 37. e5 Rd8 38. Rh2 Rxh2 39. Kxh2 b6 40. Rc1 Rc8
41. f4 c5 42. Kg2 Rc7 43. Kf2 Rc8 44. Be2 Rc6 45. Bg4 Nf5 46. Bxf5 gxf5 47. Ke2
Rc8 48. Kd3 a4 49. dxc5 axb3 50. c6 b2 51. Rb1 Rxc6 52. Rxb2 Rc4 53. Rb4 Re4
54. Kc3 Kg8 55. Kb3 d4 56. Rxb6 Rxf4 57. a4 Re4 58. a5 Rxe5 59. Ka4 Kg7 60. a6
Re1 61. Rb3 Re8 62. Kb5 Kg6 63. Kc4 Kxg5 64. a7 Ra8 1/2-1/2

[Event "SRB Team Chmp 2008"]
[Site "Subotica"]
[Date "2008.09.04"]
[Round "4.2"]
[White "Miladinovic, Igor"]
[Black "Bogosavljevic, Boban"]
[Result "1-0"]
[WhiteElo "2571"]
[BlackElo "2533"]
[PlyCount "107"]
[EventDate "2008.09.01"]

1. d4 e6 2. Nf3 c5 3. c3 Nf6 4. Bg5 Qb6 5. Qb3 d5 6. e3 Nc6 7. Nbd2 Bd6 8. Be2
Bd7 9. O-O cxd4 10. Qxb6 axb6 11. exd4 h6 12. Bxf6 gxf6 13. c4 Ne7 14. a3 Bc6
15. Rac1 Rg8 16. Rc3 Ng6 17. Re1 Nf4 18. g3 dxc4 19. Nxc4 Nxe2+ 20. Rxe2 Bc7
21. Ne1 O-O-O 22. Nc2 b5 23. N4e3 Ba5 24. b4 Bb6 25. d5 exd5 26. Nf5 d4 27.
Ne7+ Kc7 28. Rd3 Rge8 29. Kf1 Rd7 30. Nxc6 Rxe2 31. Kxe2 bxc6 32. Kd2 Rd6 33.
Rf3 d3 34. Ne1 c5 35. bxc5 Bxc5 36. Nxd3 Bxa3 37. Kc3 Rc6+ 38. Kb3 Bf8 39. Rf5
Rd6 40. Nb4 Kb6 41. Nd5+ Ka5 42. h4 Rc6 43. Nxf6 Rc5 44. Rf3 Bg7 45. Ne4 Rc4
46. Nd6 Rb4+ 47. Kc2 Bd4 48. Rf5 Rb2+ 49. Kd3 Rxf2 50. Rxb5+ Ka6 51. Kxd4 Rd2+
52. Kc5 Rc2+ 53. Nc4 Rc3 54. Ra5+ 1-0

[Event "SRB Team Chmp 2008"]
[Site "Subotica"]
[Date "2008.09.04"]
[Round "4.2"]
[White "Strikovic, Aleksa"]
[Black "Leskur, Dejan"]
[Result "1-0"]
[WhiteElo "2512"]
[BlackElo "2444"]
[PlyCount "115"]
[EventDate "2008.09.01"]

1. e4 d6 2. d4 Nf6 3. Nc3 g6 4. g3 Bg7 5. Bg2 O-O 6. Nge2 e5 7. O-O Bd7 8. h3
exd4 9. Nxd4 Nc6 10. Nde2 Re8 11. g4 h6 12. Ng3 Rb8 13. Be3 b5 14. Qd2 b4 15.
Nd5 Kh7 16. Rad1 Nxd5 17. exd5 Ne5 18. Bxa7 Rb7 19. Bd4 Qh4 20. Rfe1 f5 21.
gxf5 gxf5 22. Ne2 Nc4 23. Qc1 Rxe2 24. Rxe2 Bxd4 25. Rxd4 Qxd4 26. Re7+ Kg6 27.
Rxd7 Qd2 28. Qxd2 Nxd2 29. f4 Nc4 30. Kf2 Nxb2 31. Bf1 Nd1+ 32. Kf3 Ra7 33. Bc4
Nc3 34. Ke3 Ne4 35. Re7 Nc5 36. Kd4 Kf6 37. Re8 Rb7 38. Ra8 Kg6 39. Be2 Kg7 40.
h4 Nd7 41. Bd3 Kf6 42. h5 Kg7 43. Ba6 Rb6 44. Ra7 Kf8 45. Be2 Rb8 46. Rxc7 Nf6
47. Bd3 Nxh5 48. Rh7 Rb6 49. Bxf5 Nxf4 50. Ke4 Nh5 51. Rxh6 Ng3+ 52. Kf4 Nxf5
53. Kxf5 Ra6 54. Ke6 Rxa2 55. Rh8+ Kg7 56. Rc8 Rb2 57. Kxd6 b3 58. c4 1-0

[Event "SRB Team Chmp 2008"]
[Site "Subotica"]
[Date "2008.09.04"]
[Round "4.2"]
[White "Popov, Sinisa S"]
[Black "Jeremic, Veljko"]
[Result "0-1"]
[WhiteElo "2472"]
[BlackElo "2503"]
[PlyCount "94"]
[EventDate "2008.09.01"]

1. d4 Nf6 2. c4 e6 3. Nf3 b6 4. g3 Bb4+ 5. Bd2 Bxd2+ 6. Qxd2 Ba6 7. b3 c6 8.
Bg2 d5 9. Qc2 Nbd7 10. Nbd2 Rc8 11. O-O O-O 12. e4 Nxe4 13. Nxe4 dxe4 14. Qxe4
b5 15. c5 Nf6 16. Qe2 Qa5 17. Rfe1 b4 18. Qc2 Bb5 19. Re3 Rfd8 20. Rd1 Rc7 21.
Ne5 Nd5 22. Ree1 Re7 23. Rd2 Qc7 24. Re4 f6 25. Nf3 Nc3 26. Re1 Nd5 27. h4 Qd7
28. Bh3 Qe8 29. Rdd1 Qh5 30. Kg2 Rde8 31. Ra1 Nc3 32. Re3 Nd5 33. Ree1 Nc3 34.
Qd2 Qd5 35. Re3 e5 36. Rae1 e4 37. Kh2 Kf8 38. Ng1 Rd8 39. Bg2 Qxd4 40. Qc2 Qd2
41. Qxd2 Rxd2 42. a3 f5 43. axb4 Nd5 44. Nh3 Nxe3 45. Rxe3 Rd3 46. Bf1 Rxe3 47.
Bxb5 Rxb3 0-1

[Event "SRB Team Chmp 2008"]
[Site "Subotica"]
[Date "2008.09.04"]
[Round "4.4"]
[White "Efimenko, Zahar"]
[Black "Sutovsky, Emil"]
[Result "1/2-1/2"]
[WhiteElo "2670"]
[BlackElo "2654"]
[PlyCount "26"]
[EventDate "2008.09.01"]

1. d4 Nf6 2. c4 g6 3. g3 Bg7 4. Bg2 c5 5. d5 e6 6. Nc3 exd5 7. cxd5 d6 8. Nf3
O-O 9. O-O a6 10. a4 Re8 11. Nd2 Nbd7 12. h3 Rb8 13. a5 b5 1/2-1/2

[Event "SRB Team Chmp 2008"]
[Site "Subotica"]
[Date "2008.09.04"]
[Round "4.4"]
[White "Solak, Dragan"]
[Black "Blagojevic, Dragisa"]
[Result "1/2-1/2"]
[WhiteElo "2596"]
[BlackElo "2519"]
[PlyCount "70"]
[EventDate "2008.09.01"]

1. e4 e5 2. Nf3 Nc6 3. Bb5 a6 4. Bxc6 dxc6 5. O-O Qf6 6. d4 exd4 7. Bg5 Qd6 8.
Nxd4 Be7 9. Bxe7 Nxe7 10. Nc3 Bd7 11. Nb3 O-O-O 12. Qf3 Qg6 13. Nc5 Bg4 14. Qe3
Kb8 15. a4 Rhe8 16. a5 Nd5 17. Qg3 Nxc3 18. Qxc3 Qd6 19. Qb4 Bc8 20. Ra3 Qd4
21. Nxa6+ Ka7 22. Rd3 Qxb4 23. Nxb4 Rxd3 24. cxd3 Rd8 25. Rc1 Be6 26. Rc3 Rd4
27. Nc2 Ra4 28. b4 Ra2 29. f4 Rb2 30. f5 Bb3 31. Nd4 Ba4 32. Rc4 Rd2 33. Rc3
Rb2 34. Rc4 Rd2 35. Rc3 Rb2 1/2-1/2

[Event "SRB Team Chmp 2008"]
[Site "Subotica"]
[Date "2008.09.04"]
[Round "4.4"]
[White "Antic, Dejan"]
[Black "Kovacevic, Aleksandar"]
[Result "0-1"]
[WhiteElo "2482"]
[BlackElo "2585"]
[PlyCount "70"]
[EventDate "2008.09.01"]

1. d4 Nf6 2. c4 e6 3. Nf3 b6 4. g3 Bb7 5. Bg2 Be7 6. Nc3 Ne4 7. Bd2 d5 8. O-O
O-O 9. cxd5 exd5 10. Rc1 Nd7 11. Bf4 Nxc3 12. Rxc3 c5 13. Ne5 Nxe5 14. Bxe5 Qd7
15. b3 Rac8 16. Qa1 c4 17. bxc4 dxc4 18. d5 b5 19. d6 Bd8 20. Bxb7 Qxb7 21. Rd1
Qd7 22. Ra3 f6 23. Bc3 Rc6 24. Bb4 a5 25. Bxa5 Rxd6 26. Rf1 Bxa5 27. Rxa5 b4
28. Qb1 Rb8 29. Qe4 Qc6 30. Qf5 g6 31. Qc5 c3 32. Qe3 Re8 33. Qa7 Rd7 34. Qa6
Qxa6 35. Rxa6 Rc8 0-1

[Event "SRB Team Chmp 2008"]
[Site "Subotica"]
[Date "2008.09.04"]
[Round "4.4"]
[White "Markus, Robert"]
[Black "Barlov, Dragan"]
[Result "1/2-1/2"]
[WhiteElo "2572"]
[BlackElo "2474"]
[PlyCount "54"]
[EventDate "2008.09.01"]

1. Nf3 Nf6 2. c4 g6 3. Nc3 Bg7 4. e4 O-O 5. d4 d6 6. Be2 c5 7. d5 e6 8. O-O Re8
9. Nd2 Na6 10. Kh1 Nc7 11. f3 Bd7 12. dxe6 Nxe6 13. Nb3 Bc6 14. Be3 Nh5 15. Qd2
Qh4 16. Bf2 Qf4 17. Rfd1 Be5 18. Qxf4 Nhxf4 19. Bf1 g5 20. Rd2 g4 21. fxg4 Ng5
22. Bg3 Nxe4 23. Nxe4 Bxe4 24. Re1 Bc6 25. Na5 Rad8 26. Nxc6 bxc6 27. Red1 Kf8
1/2-1/2

[Event "SRB Team Chmp 2008"]
[Site "Subotica"]
[Date "2008.09.04"]
[Round "4.4"]
[White "Novoselski, Zoran"]
[Black "Lazic, Miroljub"]
[Result "1/2-1/2"]
[WhiteElo "2388"]
[BlackElo "2528"]
[PlyCount "98"]
[EventDate "2008.09.01"]

1. e4 e5 2. Nf3 Nc6 3. Bb5 a6 4. Ba4 Nf6 5. O-O Be7 6. d3 b5 7. Bb3 d6 8. Nc3
Na5 9. Ne2 O-O 10. Ng3 c5 11. Bd2 Nxb3 12. axb3 Ne8 13. b4 f6 14. h3 Nc7 15.
Nh2 d5 16. Qe1 Re8 17. Ng4 Be6 18. Ne3 c4 19. exd5 Nxd5 20. dxc4 bxc4 21. Nxd5
Qxd5 22. Ra5 Qd7 23. Qe2 Red8 24. Bc3 Qb7 25. Qe4 Rdb8 26. Rfa1 Bxb4 27. Qxb7
Rxb7 28. Bxb4 Rxb4 29. Rxa6 Rxa6 30. Rxa6 Kf7 31. Ra2 Rb7 32. Kf1 Rd7 33. Ke1
Kg6 34. Nf1 f5 35. Ra6 Kf7 36. Nd2 Bd5 37. g3 Rb7 38. Ra4 Rxb2 39. Nxc4 Rxc2
40. Ne3 Rc1+ 41. Kd2 Rc7 42. Nxf5 Rd7 43. Kc3 Be6 44. Ne3 Bxh3 45. Rh4 Be6 46.
Rxh7 Kg6 47. Rh8 Rf7 48. Re8 Bh3 49. Rh8 Be6 1/2-1/2

[Event "SRB Team Chmp 2008"]
[Site "Subotica"]
[Date "2008.09.04"]
[Round "4.4"]
[White "Popovic, Petar"]
[Black "Pavlovic, Goran"]
[Result "1-0"]
[WhiteElo "2478"]
[BlackElo "2388"]
[PlyCount "119"]
[EventDate "2008.09.01"]

1. e4 c6 2. d3 g6 3. Nf3 Bg7 4. g3 d6 5. Bg2 Nf6 6. O-O O-O 7. Re1 e5 8. c3
Nbd7 9. d4 Re8 10. Nbd2 Qc7 11. a4 a5 12. h3 Nb6 13. b3 Bd7 14. Ba3 Nh5 15. Qc2
Rad8 16. dxe5 dxe5 17. c4 c5 18. Nb1 Nc8 19. Nc3 b6 20. Nd5 Qb8 21. Rad1 Na7
22. Bc1 Nc6 23. Bg5 f6 24. Bc1 Be6 25. Bb2 Rf8 26. Qc1 Rfe8 27. Qa1 Nd4 28.
Nxd4 exd4 29. Bc1 Bf8 30. Qb1 Kh8 31. Qd3 Bd6 32. Bd2 Bxd5 33. cxd5 Rd7 34. h4
Rde7 35. Bh3 Qc7 36. Bg4 Ng7 37. f4 f5 38. exf5 Rxe1+ 39. Rxe1 Rxe1+ 40. Bxe1
Qd7 41. Qa6 h5 42. Qa8+ Qe8 43. Qxe8+ Nxe8 44. Bf3 Kg7 45. fxg6 Kxg6 46. Kf1
Nf6 47. Ke2 Kf7 48. Kd3 Ke7 49. Kc4 Kd7 50. Kb5 Kc7 51. Bd2 Kb7 52. f5 Kc7 53.
Bg5 Be5 54. Bxf6 Bxf6 55. Bxh5 Be5 56. g4 Bg3 57. f6 Bxh4 58. f7 Be7 59. g5 Bf8
60. Be2 1-0

[Event "SRB Team Chmp 2008"]
[Site "Subotica"]
[Date "2008.09.04"]
[Round "4.5"]
[White "Abramovic, Bosko"]
[Black "Marjanovic, Slavoljub"]
[Result "1-0"]
[WhiteElo "2488"]
[BlackElo "2479"]
[PlyCount "65"]
[EventDate "2008.09.01"]

1. d4 Nf6 2. Nf3 d5 3. c4 dxc4 4. e3 Bg4 5. Bxc4 e6 6. h3 Bh5 7. Nc3 a6 8. g4
Bg6 9. Ne5 Nbd7 10. Nxg6 hxg6 11. Qf3 Rb8 12. Bb3 c5 13. h4 b5 14. Bd2 Qb6 15.
g5 Nh5 16. Ne2 Bd6 17. O-O Ke7 18. Kg2 f5 19. Rad1 Qb7 20. dxc5 Qxf3+ 21. Kxf3
Bxc5 22. Bc3 b4 23. Bd4 Bd6 24. Rd2 Rb7 25. Rfd1 Rd8 26. Nf4 e5 27. Nxg6+ Ke8
28. Ba7 Be7 29. Nxe7 Kxe7 30. Bc5+ Ke8 31. Ba4 g6 32. Rd6 Ng7 33. Bb6 1-0

[Event "SRB Team Chmp 2008"]
[Site "Subotica"]
[Date "2008.09.04"]
[Round "4.5"]
[White "Martinovic, Slobodan"]
[Black "Brenjo, Slavisa"]
[Result "1/2-1/2"]
[WhiteElo "2453"]
[BlackElo "2486"]
[PlyCount "79"]
[EventDate "2008.09.01"]

1. e4 e5 2. Nf3 Nc6 3. Bb5 a6 4. Bxc6 dxc6 5. O-O f6 6. d4 exd4 7. Nxd4 c5 8.
Ne2 Qxd1 9. Rxd1 Bd7 10. Be3 O-O-O 11. Nbc3 Re8 12. Rd2 Bc6 13. Rad1 b6 14. a4
g5 15. a5 b5 16. Ng3 h5 17. f3 h4 18. Nf5 Ne7 19. Nxe7+ Bxe7 20. Nd5 c4 21.
Nxe7+ Rxe7 22. Bd4 Re6 23. h3 Rd8 24. Bc3 Rxd2 25. Rxd2 Be8 26. Rd5 Bg6 27. Bb4
c6 28. Rd2 f5 29. exf5 Bxf5 30. Kf2 Re5 31. Bd6 Rd5 32. Rxd5 cxd5 33. Be7 Bxc2
34. Bxg5 b4 35. Be7 c3 36. bxc3 b3 37. Ba3 Kd7 38. Ke3 Kc6 39. Kd2 Kb5 40. Be7
1/2-1/2

[Event "SRB Team Chmp 2008"]
[Site "Subotica"]
[Date "2008.09.04"]
[Round "4.5"]
[White "Mozetic, Dejan"]
[Black "Maksimovic, Branimir"]
[Result "1/2-1/2"]
[WhiteElo "2410"]
[BlackElo "2397"]
[PlyCount "46"]
[EventDate "2008.09.01"]

1. Nf3 c5 2. c4 g6 3. e4 Bg7 4. d4 cxd4 5. Nxd4 Nf6 6. Nc3 Nc6 7. Be3 d6 8. Be2
O-O 9. O-O Bd7 10. Qd2 Nxd4 11. Bxd4 Bc6 12. f3 Nd7 13. Be3 a5 14. b3 Nc5 15.
Rab1 f5 16. exf5 gxf5 17. Nd5 Bxd5 18. cxd5 Qb6 19. a3 f4 20. Bf2 Qd8 21. Bd1
Nd7 22. Bc2 Ne5 23. Rbc1 Qe8 1/2-1/2

[Event "SRB Team Chmp 2008"]
[Site "Subotica"]
[Date "2008.09.04"]
[Round "4.6"]
[White "Vuckovic, Bojan"]
[Black "Todorovic, Goran M"]
[Result "1/2-1/2"]
[WhiteElo "2563"]
[BlackElo "2479"]
[PlyCount "97"]
[EventDate "2008.09.01"]

1. e4 e5 2. Nf3 Nc6 3. Bb5 a6 4. Ba4 Nf6 5. O-O Nxe4 6. d4 b5 7. Bb3 d5 8. dxe5
Be6 9. Nbd2 Nc5 10. c3 d4 11. Bxe6 Nxe6 12. cxd4 Ncxd4 13. a4 Bc5 14. Ne4 O-O
15. Nxc5 Nxf3+ 16. Qxf3 Nxc5 17. axb5 axb5 18. Bg5 Rxa1 19. Bxd8 Rxf1+ 20. Kxf1
Rxd8 21. g3 Ne6 22. Qb7 c5 23. Qxb5 g6 24. Kg2 Rd4 25. Qe2 Rb4 26. Qd2 Kg7 27.
Qc3 Rd4 28. h4 h5 29. Kh3 Rb4 30. f4 Rb8 31. b3 Rb5 32. Qc4 Rb4 33. Qc2 Rb5 34.
Qc4 Rb4 35. Qc3 Rb5 36. Kg2 Kg8 37. Qd3 Rb4 38. f5 gxf5 39. Qxf5 Rxb3 40. Qxh5
Rb4 41. Kh3 Rd4 42. Qf5 c4 43. h5 c3 44. h6 Rd7 45. h7+ Kh8 46. Qf6+ Kxh7 47.
Qh4+ Kg7 48. Qg4+ Kh8 49. Qh4+ 1/2-1/2

[Event "SRB Team Chmp 2008"]
[Site "Subotica"]
[Date "2008.09.04"]
[Round "4.6"]
[White "Marinkovic, Slavisa"]
[Black "Pavlovic, Milos"]
[Result "1/2-1/2"]
[WhiteElo "2380"]
[BlackElo "2515"]
[PlyCount "36"]
[EventDate "2008.09.01"]

1. e4 e5 2. Nf3 Nc6 3. Bb5 a6 4. Ba4 Nf6 5. O-O Be7 6. Re1 b5 7. Bb3 d6 8. c3
O-O 9. h3 h6 10. d4 Re8 11. Nbd2 Bf8 12. Nf1 Bd7 13. Ng3 Na5 14. Bc2 c5 15. b3
Nc6 16. d5 Ne7 17. Be3 Ng6 18. Qd2 Nh7 1/2-1/2

[Event "SRB Team Chmp 2008"]
[Site "Subotica"]
[Date "2008.09.04"]
[Round "4.6"]
[White "Arsovic, Zoran"]
[Black "Stamenkovic, Dragan"]
[Result "1-0"]
[WhiteElo "2475"]
[BlackElo "2412"]
[PlyCount "75"]
[EventDate "2008.09.01"]

1. d4 d5 2. Nf3 Nf6 3. c4 c6 4. e3 e6 5. b3 Nbd7 6. Bb2 Bd6 7. Bd3 O-O 8. O-O
Qe7 9. Nbd2 e5 10. e4 dxe4 11. Nxe4 Nxe4 12. Bxe4 f5 13. dxe5 Nxe5 14. Bxe5
Bxe5 15. Bd5+ cxd5 16. Qxd5+ Kh8 17. Qxe5 Qf7 18. Rfe1 f4 19. Qe7 Bf5 20. Qxf7
Rxf7 21. Rad1 h6 22. Rd5 Raf8 23. Nd4 Bd7 24. f3 Rc8 25. Kf2 Kh7 26. Ree5 b6
27. Rd6 Rc7 28. h4 Bc8 29. Ne2 Rcd7 30. Rxd7 Bxd7 31. h5 Bc6 32. Re6 Bb7 33.
Rd6 Rf5 34. Rd7 Bc6 35. Rxa7 Be8 36. Ra6 Rf6 37. c5 Rc6 38. b4 1-0

[Event "SRB Team Chmp 2008"]
[Site "Subotica"]
[Date "2008.09.04"]
[Round "4.6"]
[White "Arsovic, Goran"]
[Black "Certic, Branimir"]
[Result "1/2-1/2"]
[WhiteElo "2469"]
[BlackElo "2392"]
[PlyCount "67"]
[EventDate "2008.09.01"]

1. d4 e6 2. c4 d5 3. Nf3 dxc4 4. e3 a6 5. Bxc4 c5 6. O-O Qc7 7. Qe2 Nc6 8. a3
b5 9. Bd3 Nf6 10. Nc3 Bb7 11. h3 Rd8 12. Rd1 Qb8 13. dxc5 Bxc5 14. b4 Bd6 15.
Bb2 Ne5 16. Nxe5 Bxe5 17. a4 O-O 18. axb5 axb5 19. Bxb5 Rxd1+ 20. Rxd1 Rc8 21.
Rc1 Bh2+ 22. Kh1 Bd6 23. Na2 Ne4 24. Bd3 Rxc1+ 25. Bxc1 Qa8 26. Bxe4 Bxe4 27.
f3 Bd5 28. Nc3 Bxb4 29. Nxd5 Qxd5 30. Qc2 h5 31. Qc8+ Kh7 32. Qc2+ g6 33. Kg1
Qe5 34. Bd2 1/2-1/2